[Event "Sachsen-Anhalt I-Nordrhein-Westfalen"]
[Site "?"]
[Date "2005.01.01"]
[Round "4.1"]
[White "Koglin, Anke"]
[Black "Madl, Ildiko"]
[Result "1/2-1/2"]
[WhiteElo "2192"]
[BlackElo "2375"]
[PlyCount "66"]
[EventDate "2000.??.??"]

1. e4 c5 2. Nf3 d6 3. d4 cxd4 4. Nxd4 Nf6 5. Nc3 Nc6 6. Be2 e5 7. Nb3 Be7 8.
O-O O-O 9. Re1 a5 10. a4 Nb4 11. Bf3 Qc7 12. Re2 Bd7 13. Bg5 Rfc8 14. Rd2 Be8
15. Be2 h6 16. Be3 Bc6 17. f3 Kf8 18. Bf1 b6 19. Qe2 d5 20. exd5 Nbxd5 21. Nxd5
Nxd5 22. Bf2 Nf4 23. Qe1 Rd8 24. Rxd8+ Rxd8 25. Qe3 Nd5 26. Qe4 Nf4 27. Qe3 Rb8
28. g3 Ne6 29. Bg2 Bf6 30. Qd3 Qb7 31. c3 Rd8 32. Qe2 Ng5 33. Nd2 Qc7 1/2-1/2

[Event "Sachsen-Anhalt I-Nordrhein-Westfalen"]
[Site "?"]
[Date "2005.01.01"]
[Round "4.2"]
[White "Lakos, Nikoletta"]
[Black "Vogel, Heike"]
[Result "1/2-1/2"]
[WhiteElo "2342"]
[BlackElo "2126"]
[PlyCount "111"]
[EventDate "2000.??.??"]

1. e4 d5 2. exd5 Nf6 3. Nf3 Nxd5 4. d4 Bg4 5. Be2 Nc6 6. c4 Nb6 7. d5 Bxf3 8.
gxf3 Ne5 9. Qd4 Ned7 10. Nc3 e5 11. dxe6 fxe6 12. Bf4 Qf6 13. Qxf6 gxf6 14. Nb5
Kf7 15. Bxc7 Rc8 16. Bxb6 axb6 17. O-O-O Ne5 18. b3 Bh6+ 19. Kc2 Ke7 20. Rd6
Nc6 21. Rhd1 Rhd8 22. Rxd8 Rxd8 23. Rxd8 Kxd8 24. Kc3 Bf4 25. h3 Be5+ 26. Kd2
Nd4 27. Nxd4 Bxd4 28. f4 Bxf2 29. Bf3 Kc7 30. Kd3 Bc5 31. Ke4 Kd6 32. f5 e5 33.
Kd3 Kc7 34. Bd5 h6 35. Ke4 Ba3 36. Kf3 Bc1 37. Kg4 Kd6 38. Bxb7 Ke7 39. Bd5 Kf8
40. Kh5 Kg7 41. Be4 Ba3 42. Bd5 Bc1 43. b4 Ba3 44. c5 bxc5 45. b5 Bb4 46. b6
Ba5 47. b7 Bc7 48. a4 Bb8 49. Kg4 Kf8 50. a5 Ba7 51. a6 Bb8 52. Bc4 Ba7 53. Kf3
Ke7 54. Ke4 Kd6 55. Be2 Bb8 56. Bc4 1/2-1/2

[Event "Sachsen-Anhalt I-Nordrhein-Westfalen"]
[Site "?"]
[Date "2005.01.01"]
[Round "4.3"]
[White "Kuznetsova, Elena"]
[Black "Horvath, Julia"]
[Result "1/2-1/2"]
[WhiteElo "2124"]
[BlackElo "2226"]
[PlyCount "49"]
[EventDate "2000.??.??"]

1. e4 c6 2. d4 d5 3. exd5 cxd5 4. c4 Nf6 5. Nc3 Nc6 6. Nf3 Bg4 7. cxd5 Nxd5 8.
Qb3 Bxf3 9. gxf3 e6 10. Qxb7 Nxd4 11. Bb5+ Nxb5 12. Qc6+ Ke7 13. Qxb5 Qd7 14.
Nxd5+ Qxd5 15. Bg5+ f6 16. Qxd5 exd5 17. Be3 Ke6 18. O-O-O Rc8+ 19. Kb1 Bc5 20.
Rhe1 Kd6 21. Rd3 Rhd8 22. Bf4+ Kc6 23. Rc1 Kb7 24. Rdc3 Bb6 25. Rxc8 1/2-1/2

[Event "Sachsen-Anhalt I-Nordrhein-Westfalen"]
[Site "?"]
[Date "2005.01.01"]
[Round "4.4"]
[White "Krege, Sandra"]
[Black "Hund, Isabel"]
[Result "1/2-1/2"]
[WhiteElo "1988"]
[BlackElo "2109"]
[PlyCount "85"]
[EventDate "2000.??.??"]

1. e4 e5 2. Bc4 Nf6 3. d3 d6 4. Nf3 Be7 5. c3 O-O 6. O-O Nbd7 7. Bb3 c6 8. Re1
Qc7 9. Nbd2 d5 10. Nf1 dxe4 11. dxe4 Nc5 12. Bc2 Rd8 13. Qe2 b6 14. Ng3 Ba6 15.
c4 Ne6 16. Nf5 Bb4 17. Rf1 Rd7 18. a3 Bf8 19. b3 Ne8 20. Ng5 Nxg5 21. Bxg5 f6
22. Be3 Nd6 23. Nxd6 Rxd6 24. b4 Rdd8 25. Bb3 c5 26. b5 Bc8 27. Rad1 Be6 28.
Rxd8 Rxd8 29. Rd1 Rxd1+ 30. Qxd1 Qd6 31. Qxd6 Bxd6 32. Kf1 Kf7 33. Ke2 Ke7 34.
Kd3 g6 35. Bd1 Kd7 36. Bf3 Ke7 37. h4 Kd7 38. g4 Ke8 39. Be2 Kf7 40. Bh6 Bf8
41. Be3 Bd6 42. Bf3 Ke8 43. Be2 1/2-1/2

[Event "Sachsen-Anhalt I-Nordrhein-Westfalen"]
[Site "?"]
[Date "2005.01.01"]
[Round "4.5"]
[White "Schmitz, Manuela"]
[Black "Großmann, Susan"]
[Result "1/2-1/2"]
[WhiteElo "2087"]
[BlackElo "2026"]
[PlyCount "66"]
[EventDate "2000.??.??"]

1. d4 d6 2. Nf3 g6 3. e4 Bg7 4. c3 Nc6 5. Bc4 e5 6. Bg5 Nge7 7. h3 h6 8. Be3
O-O 9. O-O Kh7 10. dxe5 Nxe5 11. Nxe5 Bxe5 12. f4 Bg7 13. Nd2 f5 14. Bd3 fxe4
15. Bxe4 d5 16. Bc2 Nf5 17. Bxf5 Bxf5 18. Nf3 c6 19. Qd2 Qc7 20. Bd4 Be4 21.
Bxg7 Qxg7 22. Rae1 Rae8 23. Nd4 Re7 24. Ne2 Rfe8 25. Ng3 Qf6 26. Nxe4 Rxe4 27.
Rxe4 Rxe4 28. Qf2 b6 29. f5 gxf5 30. Qxf5+ Qxf5 31. Rxf5 Re1+ 32. Rf1 Re2 33.
Rf2 Re1+ 1/2-1/2

[Event "Sachsen-Anhalt I-Nordrhein-Westfalen"]
[Site "?"]
[Date "2005.01.01"]
[Round "4.7"]
[White "Nattermüller, Irina"]
[Black "Eckhardt, Claudia"]
[Result "0-1"]
[WhiteElo "2152"]
[BlackElo "2209"]
[PlyCount "100"]
[EventDate "2000.??.??"]

1. e4 c5 2. Nf3 e6 3. d4 cxd4 4. Nxd4 a6 5. Bd3 Nf6 6. O-O Qc7 7. Nc3 Bc5 8.
Nb3 Ba7 9. Qe2 d6 10. Be3 Bxe3 11. Qxe3 O-O 12. f4 Nc6 13. a3 b5 14. Qg3 Bb7
15. Rae1 g6 16. Qh4 Kg7 17. Nd1 Qe7 18. Nf2 Nd7 19. Qh3 e5 20. f5 f6 21. Ng4 g5
22. c4 b4 23. axb4 Nxb4 24. Bb1 Nc5 25. Nd2 Rf7 26. Nh6 Rff8 27. Re3 Rh8 28.
Nf3 Kf8 29. Nxg5 fxg5 30. f6 Qe8 31. f7 Qe6 32. Rf5 Nc6 33. Ng4 h5 34. Rxg5 Ke7
35. Qh4 hxg4 36. f8=Q+ Raxf8 37. Rg7+ Ke8 38. Qe1 Rhg8 39. Rh7 Qf6 40. b4 Nxb4
41. Rh5 Rg5 42. Rh7 Nc6 43. Re2 Nd4 44. Rb2 Nf3+ 45. gxf3 gxf3+ 46. Kf1 Qg6 47.
Qe3 f2 48. Rxf2 Rg1+ 49. Ke2 Rxf2+ 50. Qxf2 Rg2 0-1

[Event "Sachsen-Anhalt I-Nordrhein-Westfalen"]
[Site "?"]
[Date "2005.01.01"]
[Round "4.8"]
[White "Burisch, Christin"]
[Black "Funk, Natali"]
[Result "1-0"]
[WhiteElo "1862"]
[BlackElo "1907"]
[PlyCount "83"]
[EventDate "2000.??.??"]

1. d4 d5 2. e3 Bf5 3. Bd3 e6 4. Nf3 Nf6 5. O-O Nbd7 6. Re1 Bd6 7. Nbd2 Ne4 8.
Nb3 g5 9. c4 g4 10. Bxe4 dxe4 11. Nfd2 c6 12. d5 Qc7 13. Nf1 c5 14. Bd2 Ne5 15.
Bc3 Rg8 16. Bxe5 Bxe5 17. Qc2 O-O-O 18. Rad1 h5 19. Nbd2 h4 20. Nxe4 g3 21. f4
gxh2+ 22. Kh1 Rg6 23. dxe6 fxe6 24. Rxd8+ Kxd8 25. fxe5 Ke7 26. Qf2 h3 27. Qh4+
Kf8 28. Nfg3 Qxe5 29. Qf4 hxg2+ 30. Kxh2 Qxb2 31. Rg1 Qxa2 32. Rxg2 Qxc4 33.
Rd2 Rxg3 34. Nxg3 Qxf4 35. exf4 Bg4 36. Rd7 e5 37. Rxb7 exf4 38. Ne4 c4 39. Rc7
Be2 40. Kg1 a5 41. Kf2 Bd3 42. Nc3 1-0

[Event "Berlin-Baden"]
[Site "?"]
[Date "2005.01.01"]
[Round "4.1"]
[White "Nill, Jessica"]
[Black "Nagel, Verena"]
[Result "1-0"]
[WhiteElo "2247"]
[BlackElo "2100"]
[PlyCount "99"]
[EventDate "2000.??.??"]

1. d4 e6 2. c4 Nf6 3. Nc3 Bb4 4. e3 O-O 5. Nge2 d5 6. a3 Bd6 7. c5 Be7 8. Nf4
c6 9. Nd3 Nbd7 10. Be2 Ne4 11. Qc2 Qc7 12. f4 Ndf6 13. O-O a5 14. Na4 Nd7 15.
Bf3 f5 16. Ne5 Nef6 17. Bd2 Nxe5 18. fxe5 Nd7 19. Rac1 Bd8 20. Kh1 Re8 21. Rg1
Qb8 22. Be1 Nf8 23. g4 Bd7 24. Bg3 Qc8 25. Bf4 Kh8 26. Qg2 Re7 27. Qh3 Be8 28.
gxf5 exf5 29. Bg5 Rf7 30. Bxd8 Qxd8 31. Bh5 Rc8 32. Bxf7 Bxf7 33. Nc3 g6 34.
Ne2 Ne6 35. Nf4 Nxf4 36. exf4 b5 37. b4 a4 38. Rce1 Qe7 39. e6 Be8 40. Qe3 Kg7
41. Rg2 Qf6 42. Rge2 Rc7 43. e7 Rc8 44. Qf2 Rc7 45. Re6 Qf7 46. Qe3 Ra7 47.
Qe5+ Kh6 48. Re3 Kh5 49. Rh3+ Kg4 50. Qe3 1-0

[Event "Berlin-Baden"]
[Site "?"]
[Date "2005.01.01"]
[Round "4.2"]
[White "Wagner-Michel, Annett"]
[Black "Onischuk, Anna"]
[Result "0-1"]
[WhiteElo "2142"]
[BlackElo "2237"]
[PlyCount "78"]
[EventDate "2000.??.??"]

1. e4 c5 2. Nf3 e6 3. d4 cxd4 4. Nxd4 a6 5. Nc3 b5 6. g3 Bb7 7. Bg2 Nf6 8. a3
Qc7 9. O-O d6 10. Qe2 Nbd7 11. Kh1 Be7 12. g4 Nb6 13. g5 Nfd7 14. f4 Qc4 15.
Qf2 d5 16. e5 g6 17. Be3 Qc7 18. Nce2 Nc4 19. Bc1 Nc5 20. b3 Na5 21. Bb2 Nc6
22. Rac1 Nxd4 23. Nxd4 h6 24. Qe3 hxg5 25. fxg5 Rh5 26. Nf3 Ne4 27. Qf4 Nxg5
28. Nd4 Bc5 29. Qf6 Ne4 30. Qf4 g5 31. Qg4 Rh4 32. Nxe6 fxe6 33. Qxe6+ Qe7 34.
Qg6+ Kd7 35. e6+ Kc8 36. Be5 Bd6 37. Rf7 Bxe5 38. Rxe7 Ng3+ 39. Kg1 Bd4# 0-1

[Event "Berlin-Baden"]
[Site "?"]
[Date "2005.01.01"]
[Round "4.3"]
[White "Mira, Helene"]
[Black "Schulz, Stefanie"]
[Result "0-1"]
[WhiteElo "2188"]
[BlackElo "2070"]
[PlyCount "62"]
[EventDate "2000.??.??"]

1. Nf3 Nf6 2. c4 e6 3. Nc3 d5 4. d4 c5 5. cxd5 exd5 6. g3 Nc6 7. Bg2 a6 8. Bg5
c4 9. Bxf6 gxf6 10. O-O Bg7 11. Nh4 Ne7 12. b3 Rb8 13. bxc4 dxc4 14. d5 O-O 15.
d6 Ng6 16. Nxg6 hxg6 17. Qd4 f5 18. Qxc4 Qxd6 19. Rad1 Qe5 20. Nd5 b5 21. Qh4
Re8 22. f4 Qd6 23. g4 Rxe2 24. Bf3 Re8 25. g5 Qc5+ 26. Kg2 Bb7 27. Nf6+ Bxf6
28. gxf6 Qc2+ 29. Rf2 Bxf3+ 30. Kh3 Bg4+ 31. Kg2 Qc6+ 0-1

[Event "Berlin-Baden"]
[Site "?"]
[Date "2005.01.01"]
[Round "4.4"]
[White "Sonnenberger, Kirsten"]
[Black "Lauterbach, Ingrid"]
[Result "0-1"]
[WhiteElo "2049"]
[BlackElo "2182"]
[PlyCount "120"]
[EventDate "2000.??.??"]

1. e4 d6 2. f4 g6 3. Nf3 Bg7 4. d4 c5 5. c3 Qc7 6. Be2 Nf6 7. e5 Ne4 8. Nbd2
Nxd2 9. Bxd2 O-O 10. O-O Nc6 11. Kh1 Qb6 12. d5 Nd8 13. Qc1 Bg4 14. Re1 Qc7 15.
exd6 Qxd6 16. c4 e6 17. h3 Bf5 18. Nh4 Be4 19. dxe6 Nxe6 20. Bg4 f5 21. Bf3 Bf6
22. Nxf5 gxf5 23. Bxe4 fxe4 24. Rxe4 Nd4 25. Qd1 Bg7 26. Qg4 Nf5 27. Bc3 Qg6
28. Qxg6 hxg6 29. Bxg7 Kxg7 30. Re5 b6 31. b3 Rf7 32. Kh2 Rd8 33. Rae1 Rd2 34.
R1e2 Rxe2 35. Rxe2 Nd4 36. Re4 Kf6 37. Re8 Ne6 38. Kg3 Kf5 39. Kf3 Nxf4 40. h4
Nd3 41. g4+ Kf6 42. Re2 Ne5+ 43. Kg3 Rd7 44. h5 Rd3+ 45. Kg2 Nxg4 46. hxg6 Ne3+
47. Kf2 Nf5 48. Ke1 Rg3 49. Rd2 Nd4 50. Rf2+ Kxg6 51. Kd2 Nf5 52. Kc1 Kf6 53.
Kb2 Ke5 54. a3 Nd4 55. Rf7 Rxb3+ 56. Ka2 a5 57. Re7+ Kd6 58. Rh7 Rc3 59. Rh6+
Kc7 60. Rh7+ Kc6 0-1

[Event "Berlin-Baden"]
[Site "?"]
[Date "2005.01.01"]
[Round "4.5"]
[White "Heinrich, Stefanie"]
[Black "Platzek, Janine"]
[Result "1/2-1/2"]
[WhiteElo "2122"]
[BlackElo "2084"]
[PlyCount "59"]
[EventDate "2000.??.??"]

1. Nf3 Nf6 2. g3 d5 3. Bg2 c5 4. O-O Nc6 5. d3 Bf5 6. Bg5 e5 7. Nbd2 Be7 8.
Bxf6 gxf6 9. e4 dxe4 10. dxe4 Be6 11. Nh4 Qd7 12. Re1 Bh3 13. Nc4 O-O-O 14.
Qxd7+ Bxd7 15. Rad1 Bg4 16. f3 Be6 17. Ne3 Rxd1 18. Rxd1 Rd8 19. Rxd8+ Bxd8 20.
Nd5 Bxd5 21. exd5 Nb4 22. Bh3+ Kc7 23. c4 Nxa2 24. Nf5 a6 25. Bf1 Kd7 26. Kf2
Ba5 27. Ke3 Nc1 28. Bd3 Nb3 29. Bc2 Nd4 30. Nxd4 1/2-1/2

[Event "Berlin-Baden"]
[Site "?"]
[Date "2005.01.01"]
[Round "4.6"]
[White "Neldner, Anita"]
[Black "Mader, Manuela"]
[Result "0-1"]
[WhiteElo "1786"]
[BlackElo "2002"]
[PlyCount "80"]
[EventDate "2000.??.??"]

1. e4 c6 2. d4 d5 3. exd5 cxd5 4. Bd3 Nf6 5. Bf4 Nc6 6. c3 Bg4 7. f3 Bh5 8. Ne2
e6 9. Nd2 Bg6 10. Nb3 Be7 11. O-O Nh5 12. Re1 Bxd3 13. Qxd3 Nxf4 14. Nxf4 Qc7
15. Ne2 h5 16. f4 Bd6 17. g3 h4 18. Kg2 O-O-O 19. Nc5 g5 20. f5 Bxc5 21. dxc5
Ne5 22. Qd4 exf5 23. Rf1 hxg3 24. hxg3 f4 25. gxf4 gxf4 26. Qxf4 Rdg8+ 27. Ng3
Rh5 28. Rh1 Rhg5 29. Rh3 Qxc5 30. Rd1 Ng4 31. Re1 Qc6 32. Qd4 Nf6 33. Kh2 Qd6
34. Rg1 Nh5 35. Qxa7 Nxg3 36. Qa8+ Kc7 37. Qa5+ Kb8 38. Rg2 Nf1+ 39. Kg1 Rxg2+
40. Kxf1 Qf4+ 0-1

[Event "Berlin-Baden"]
[Site "?"]
[Date "2005.01.01"]
[Round "4.7"]
[White "Klein, Sabine"]
[Black "Neldner, Uta"]
[Result "1/2-1/2"]
[WhiteElo "1865"]
[BlackElo "1745"]
[PlyCount "88"]
[EventDate "2000.??.??"]

1. e4 c5 2. Nc3 Nc6 3. g3 g6 4. Bg2 Bg7 5. d3 d6 6. Nge2 e6 7. O-O Nge7 8. Be3
O-O 9. Qd2 Rb8 10. d4 cxd4 11. Nxd4 Ne5 12. Qe2 a6 13. f4 N5c6 14. Qd2 Qc7 15.
Nce2 b5 16. Rfd1 Rd8 17. Nxc6 Nxc6 18. c3 Bb7 19. a4 Na5 20. Qe1 Nc4 21. Bc1
Bc6 22. b3 Na5 23. axb5 Bxb5 24. b4 Nb3 25. Ra3 Bxe2 26. Qxe2 Qxc3 27. Be3 Rxb4
28. Rxa6 Bd4 29. Bxd4 Nxd4 30. Qf2 Qc4 31. Ra2 e5 32. Rad2 Rdb8 33. Rf1 Rb1 34.
Rdd1 R1b2 35. Rd2 Rxd2 36. Qxd2 Ra8 37. f5 Ra2 38. Qh6 Qe2 39. Bh1 Qg4 40. Bg2
gxf5 41. Qxd6 Qe2 42. Qb8+ Kg7 43. Qxe5+ Kg8 44. Qe8+ Kg7 1/2-1/2

[Event "Berlin-Baden"]
[Site "?"]
[Date "2005.01.01"]
[Round "4.8"]
[White "Strate, Gerda"]
[Black "Krum, Beate"]
[Result "1/2-1/2"]
[WhiteElo "1735"]
[BlackElo "1787"]
[PlyCount "106"]
[EventDate "2000.??.??"]

1. e4 c6 2. d4 d5 3. exd5 cxd5 4. Nf3 Nf6 5. Ne5 Bd7 6. Nd2 Nc6 7. Nxd7 Qxd7 8.
Bb5 a6 9. Bxc6 Qxc6 10. O-O e6 11. Nf3 Bd6 12. c3 Qc7 13. h3 b5 14. a3 O-O 15.
Qd3 Rfc8 16. Be3 Qc4 17. Rfd1 a5 18. Ne5 Bxe5 19. dxe5 Nd7 20. Bd4 Qxd3 21.
Rxd3 Rc4 22. f4 g6 23. Rf1 Rb8 24. g4 b4 25. axb4 axb4 26. f5 bxc3 27. bxc3 Nc5
28. Rdd1 Ne4 29. fxe6 fxe6 30. Rf3 Rf8 31. Rdf1 Rxf3 32. Rxf3 Kg7 33. Kg2 Rc6
34. Re3 Ra6 35. Re2 Ra4 36. Rb2 g5 37. Kf3 Rc4 38. Rc2 h6 39. Ke3 Kg6 40. Kd3
h5 41. Rb2 hxg4 42. hxg4 Rc7 43. Rb8 Rh7 44. Rb6 Rh3+ 45. Kc2 Rh2+ 46. Kc1 Kf7
47. Rb7+ Kg6 48. Re7 Rg2 49. Rxe6+ Kf7 50. Rb6 Rxg4 51. Rb5 Ke6 52. Rb6+ Ke7
53. Rb7+ Ke6 1/2-1/2

[Event "Sachsen-Anhalt II-Thüringen"]
[Site "?"]
[Date "2005.01.01"]
[Round "4.1"]
[White "Skibbe, Diana"]
[Black "Hofmann, Annett"]
[Result "1/2-1/2"]
[WhiteElo "2094"]
[BlackElo "1978"]
[PlyCount "113"]
[EventDate "2000.??.??"]

1. e4 c5 2. Nf3 d6 3. d4 cxd4 4. Nxd4 Nf6 5. Nc3 a6 6. a4 e6 7. g3 Qc7 8. Bg2
Nc6 9. O-O Be7 10. Be3 O-O 11. Nb3 Na5 12. Nxa5 Qxa5 13. g4 Qb4 14. Ra3 Nd7 15.
Qe2 Nc5 16. g5 Bd7 17. Rfa1 Bc6 18. Nd1 Nxe4 19. c3 Qa5 20. b4 Qc7 21. b5 Bd5
22. c4 Bxc4 23. Qc2 Nxg5 24. h4 d5 25. b6 Qc6 26. hxg5 Bxa3 27. Rxa3 a5 28. Bd4
Qd7 29. Rh3 f5 30. Qc3 Rfc8 31. Qf3 Qf7 32. Qf4 Ba6 33. Nc3 Rc4 34. Qe5 Rd8 35.
Bf3 Rc6 36. Bh5 Qe7 37. Bf3 Qf7 38. Rh6 Bc4 39. Bh5 Qe7 40. Rf6 Rf8 41. Rxf8+
Qxf8 42. Be8 Rxb6 43. Bxb6 Qxe8 44. Bd4 Qe7 45. f4 Kf8 46. Qb8+ Kf7 47. Qh8 Kg6
48. Kf2 h6 49. Ne2 Bxe2 50. Kxe2 hxg5 51. fxg5 e5 52. Be3 f4 53. Bf2 Qxg5 54.
Qe8+ Kh7 55. Qd7 Qg2 56. Qf5+ Qg6 57. Qh3+ 1/2-1/2

[Event "Sachsen-Anhalt II-Thüringen"]
[Site "?"]
[Date "2005.01.01"]
[Round "4.2"]
[White "Glaser, Andrea"]
[Black "Müller-Ludwig, Kristin"]
[Result "0-1"]
[WhiteElo "1919"]
[BlackElo "2074"]
[PlyCount "120"]
[EventDate "2000.??.??"]

1. d4 Nf6 2. Nf3 g6 3. g3 Bg7 4. Bg2 O-O 5. O-O d6 6. c4 Nbd7 7. Nc3 e5 8. e4
exd4 9. Nxd4 Re8 10. h3 a6 11. Be3 Rb8 12. Qc2 c5 13. Nde2 b5 14. Rad1 Qb6 15.
cxb5 axb5 16. b4 Qa6 17. bxc5 Nxc5 18. Nd4 b4 19. Nd5 Nxd5 20. exd5 Ra8 21. Nc6
Bf5 22. Qc1 Nd3 23. Qc2 Nb2 24. Qb3 Nxd1 25. Nxb4 Qa4 26. Rxd1 Qxb3 27. axb3
Rab8 28. Nc6 Rxb3 29. Nd4 Rd3 30. Rxd3 Bxd3 31. Nc6 Be4 32. Bxe4 Rxe4 33. Kf1
Bd4 34. Ke2 f5 35. Kd3 Kf7 36. Nd8+ Ke8 37. Ne6 Bf6 38. Bf4 Ke7 39. Be3 Ra4 40.
h4 Re4 41. Bf4 Rxe6 42. dxe6 Kxe6 43. Bh6 Be5 44. Bg5 Kd5 45. Be3 Bb2 46. f3 h5
47. Bf2 Be5 48. Be1 Bd4 49. Bd2 Bg7 50. Be1 Bh6 51. Bc3 g5 52. hxg5 Bxg5 53.
Be1 Bc1 54. Bf2 Bb2 55. Be3 Be5 56. Bf2 Bg7 57. Be3 Bb2 58. Bf2 Ba3 59. Be3 Bc5
60. Bf4 Bf2 0-1

[Event "Sachsen-Anhalt II-Thüringen"]
[Site "?"]
[Date "2005.01.01"]
[Round "4.3"]
[White "Fuchs, Antje"]
[Black "Wölfer, Wiebke"]
[Result "1-0"]
[WhiteElo "2107"]
[BlackElo "1734"]
[PlyCount "119"]
[EventDate "2000.??.??"]

1. Nf3 Nf6 2. d4 d5 3. c4 e6 4. Bg5 Be7 5. e3 O-O 6. Nc3 c6 7. Rc1 Nbd7 8. Be2
Re8 9. O-O h6 10. Bh4 Nh5 11. Bxe7 Qxe7 12. Nd2 Nhf6 13. e4 dxe4 14. Ndxe4 Nxe4
15. Nxe4 Nf6 16. Qc2 Rd8 17. Rcd1 b6 18. Bf3 Bb7 19. Rfe1 Rac8 20. h3 Rd7 21.
Ng3 Qd8 22. Qc3 Qc7 23. Rd2 Rcd8 24. Red1 c5 25. Bxb7 cxd4 26. Qf3 Qxb7 27.
Qxb7 Rxb7 28. Rxd4 Rxd4 29. Rxd4 Rd7 30. Rxd7 Nxd7 31. Ne4 Kf8 32. Kf1 Ne5 33.
b3 Ke7 34. Ke2 Nc6 35. Nc3 Kd6 36. Ke3 f5 37. f4 Kc5 38. Nb5 Kb4 39. Kd3 a5 40.
Nc7 Nd8 41. Kc2 g5 42. g3 Kc5 43. Kc3 Kc6 44. Nb5 Nb7 45. fxg5 hxg5 46. h4 gxh4
47. gxh4 e5 48. h5 Nd8 49. h6 Nf7 50. h7 Kc5 51. a3 Kc6 52. b4 Nh8 53. Kd2 Ng6
54. Nc3 Kd6 55. Nd5 axb4 56. axb4 e4 57. Nxb6 f4 58. Nd5 Ke5 59. b5 Kd6 60.
Nxf4 1-0

[Event "Sachsen-Anhalt II-Thüringen"]
[Site "?"]
[Date "2005.01.01"]
[Round "4.4"]
[White "Maedel, Katja"]
[Black "Troyke, Doreen"]
[Result "0-1"]
[WhiteElo "2034"]
[BlackElo "2100"]
[PlyCount "72"]
[EventDate "2000.??.??"]

1. e4 c5 2. d4 cxd4 3. c3 dxc3 4. Nxc3 Nc6 5. Nf3 e6 6. Bc4 Qc7 7. O-O Nf6 8.
Re1 Be7 9. e5 Ng4 10. Nb5 Qb6 11. Qe2 a6 12. Nc3 d6 13. exd6 Bxd6 14. Nd5 Qd8
15. Bg5 Be7 16. Nxe7 Nxe7 17. h3 Nf6 18. Qe5 Nc6 19. Qc3 O-O 20. Rad1 Qe7 21.
Nh4 e5 22. Nf3 Re8 23. Bxf6 gxf6 24. Nh4 Be6 25. Rd3 Kh8 26. Red1 Nd4 27. Rxd4
exd4 28. Rxd4 Rac8 29. Qd3 Rxc4 30. Rxc4 Bxc4 31. Qxc4 Qe6 32. Qd3 Qe1+ 33. Kh2
Qxf2 34. Nf5 Qf4+ 35. Ng3 Re6 36. Qd8+ Kg7 0-1

[Event "Sachsen-Anhalt II-Thüringen"]
[Site "?"]
[Date "2005.01.01"]
[Round "4.5"]
[White "Espig, Gesine"]
[Black "Reiß, Rebekka"]
[Result "1-0"]
[WhiteElo "2080"]
[BlackElo "1659"]
[PlyCount "63"]
[EventDate "2000.??.??"]

1. c4 f5 2. Nc3 Nf6 3. g3 e6 4. Bg2 Be7 5. d3 O-O 6. e3 Nc6 7. Nge2 d6 8. O-O
Bd7 9. a3 Qe8 10. b4 Qh5 11. Nf4 Qxd1 12. Rxd1 Nd8 13. d4 c6 14. Nd3 Nf7 15.
Rb1 Rab8 16. a4 e5 17. b5 e4 18. Nb4 a5 19. Nc2 cxb5 20. axb5 Rbc8 21. Bf1 b6
22. Na4 Bd8 23. Ba3 Re8 24. c5 bxc5 25. dxc5 dxc5 26. Nxc5 Be6 27. Nd4 Ng5 28.
b6 Rb8 29. Ndxe6 Nxe6 30. Nxe6 Rxe6 31. Bc4 Kf7 32. Rd6 1-0

[Event "Sachsen-Anhalt II-Thüringen"]
[Site "?"]
[Date "2005.01.01"]
[Round "4.6"]
[White "Wetterling, Maria"]
[Black "Uhlendorf, Kristina"]
[Result "0-1"]
[WhiteElo "1988"]
[BlackElo "2074"]
[PlyCount "70"]
[EventDate "2000.??.??"]

1. e4 c6 2. d4 d5 3. exd5 cxd5 4. c4 Nf6 5. Nc3 Nc6 6. Nf3 Bg4 7. cxd5 Nxd5 8.
Qb3 Nxc3 9. bxc3 Qc7 10. Ng5 e6 11. Rb1 Rb8 12. g3 h6 13. f3 Bh5 14. Nxe6 fxe6
15. Qxe6+ Qe7 16. Qxe7+ Bxe7 17. Bf4 Bxf3 18. Bxb8 Bxh1 19. Rxb7 Nxd4 20. Rxa7
Nf3+ 21. Kd1 O-O 22. Bc4+ Kh8 23. Rxe7 Rxb8 24. Bd5 Rd8 25. c4 Nxh2 26. Kc2
Bxd5 27. cxd5 Rxd5 28. a4 Nf3 29. Re3 Nd4+ 30. Kc3 Nf5 31. Re8+ Kh7 32. g4 Nd6
33. Re6 Nb7 34. Re4 Ra5 35. Rc4 Nc5 0-1

[Event "Sachsen-Anhalt II-Thüringen"]
[Site "?"]
[Date "2005.01.01"]
[Round "4.7"]
[White "Lange, Corinna"]
[Black "Wallstabe, Antje"]
[Result "1-0"]
[WhiteElo "2065"]
[BlackElo "1586"]
[PlyCount "55"]
[EventDate "2000.??.??"]

1. e4 c5 2. Nf3 Nc6 3. d4 cxd4 4. Nxd4 d6 5. Nc3 g6 6. Be3 Bg7 7. Qd2 Nf6 8. f3
Nxd4 9. Bxd4 O-O 10. O-O-O Bd7 11. Kb1 a6 12. g4 b5 13. h4 Rb8 14. Nd5 Nxd5 15.
Bxg7 Kxg7 16. exd5 a5 17. h5 Rh8 18. Bg2 Qc7 19. Rhe1 Rhe8 20. Re2 Rbc8 21. Rh1
Rh8 22. Rxe7 Qd8 23. Rhe1 Re8 24. Qd4+ Kg8 25. h6 f6 26. Qxf6 Rxe7 27. Rxe7 Qf8
28. Rg7+ 1-0

[Event "Sachsen-Anhalt II-Thüringen"]
[Site "?"]
[Date "2005.01.01"]
[Round "4.8"]
[White "Domaske, Susann"]
[Black "Kube, Hannelore"]
[Result "1-0"]
[WhiteElo "1373"]
[BlackElo "1998"]
[PlyCount "117"]
[EventDate "2000.??.??"]

1. d4 d5 2. c4 e6 3. a3 c6 4. Nc3 f5 5. Nf3 Nf6 6. Bg5 Be7 7. e3 O-O 8. Bd3 Ne4
9. Bxe7 Qxe7 10. cxd5 exd5 11. O-O Nd7 12. Qc2 Kh8 13. b4 a6 14. Na4 Rf6 15.
Nc5 Rh6 16. Nxd7 Bxd7 17. Ne5 Rf8 18. Nxd7 Qxd7 19. f3 Nd6 20. e4 dxe4 21. fxe4
Nxe4 22. Bxe4 Qxd4+ 23. Kh1 Qd6 24. h3 fxe4 25. Rxf8+ Qxf8 26. Qxe4 Rf6 27. Kh2
h6 28. Rd1 Rf4 29. Qe6 Rf6 30. Qe5 Rf7 31. Rd6 Kg8 32. Qd4 Qe7 33. Rd8+ Rf8 34.
Rd7 Qf6 35. Qxf6 Rxf6 36. Rxb7 c5 37. bxc5 Rc6 38. Ra7 Rxc5 39. Rxa6 Rc3 40. a4
Ra3 41. Ra7 Kh7 42. h4 Kg6 43. g3 Kf6 44. Kh3 g5 45. Ra6+ Kf5 46. hxg5 hxg5 47.
Ra5+ Kf6 48. Kg4 Rc3 49. Rf5+ Ke6 50. a5 Ra3 51. Rxg5 Kf6 52. Rb5 Kf7 53. Kh4
Kg6 54. g4 Kf6 55. Rb6+ Ke5 56. a6 Kf4 57. Rf6+ Ke5 58. g5 Ra1 59. Kh5 1-0

[Event "Niedersachsen-Hamburg"]
[Site "?"]
[Date "2005.01.01"]
[Round "4.1"]
[White "Kas-Fromm, Rita"]
[Black "Romakin, Helene"]
[Result "0-1"]
[WhiteElo "2244"]
[BlackElo "2013"]
[PlyCount "100"]
[EventDate "2000.??.??"]

1. d4 Nf6 2. c4 c5 3. d5 e6 4. Nc3 exd5 5. cxd5 d6 6. e4 g6 7. Bd3 Bg7 8. Nge2
O-O 9. O-O Re8 10. Ng3 Na6 11. Kh1 Nc7 12. a4 Rb8 13. h3 a6 14. f4 b5 15. axb5
axb5 16. Qf3 Nd7 17. e5 dxe5 18. d6 Ne6 19. Nxb5 Nd4 20. Nxd4 exd4 21. Ra2 Rb3
22. Ra3 Rxa3 23. bxa3 Qb6 24. Bc4 Bb7 25. Qb3 Qxb3 26. Bxb3 Ba6 27. Rd1 Nb6 28.
d7 Nxd7 29. Ba4 Re7 30. Bc6 c4 31. Ne4 Nb6 32. Nc5 Rc7 33. Nxa6 Rxc6 34. Kg1
Nd5 35. Nb4 Nxb4 36. axb4 Rb6 37. Re1 Bf6 38. Re8+ Kg7 39. Kf2 h6 40. Ba3 Ra6
41. Bc1 Ra2+ 42. Kf3 d3 43. Rc8 c3 44. Ke3 d2 45. Bxd2 Rxd2 46. g4 Bd4+ 47. Ke4
c2 48. b5 Bb2 49. b6 c1=Q 50. Rxc1 Bxc1 0-1

[Event "Niedersachsen-Hamburg"]
[Site "?"]
[Date "2005.01.01"]
[Round "4.2"]
[White "Markgraf, Claudia"]
[Black "Frank, Tena"]
[Result "1-0"]
[WhiteElo "2153"]
[BlackElo "2043"]
[PlyCount "89"]
[EventDate "2000.??.??"]

1. e4 c5 2. Nc3 d6 3. g3 Nc6 4. Bg2 g6 5. d3 Bg7 6. Be3 e6 7. Qd2 Rb8 8. f4
Nge7 9. Nf3 O-O 10. O-O Nd4 11. Nd1 b5 12. Nh4 b4 13. c3 bxc3 14. bxc3 Nb5 15.
Rc1 Qa5 16. Kh1 Re8 17. h3 Bd7 18. Qf2 f5 19. d4 cxd4 20. cxd4 fxe4 21. Bxe4
Qa4 22. Nc3 Nxc3 23. Rxc3 Nd5 24. Bxd5 exd5 25. Qg2 Re4 26. Nf3 Rbe8 27. Ng5
Bf5 28. Kh2 Bxd4 29. Bxd4 Rxd4 30. Rf2 Qd1 31. Rc7 h6 32. g4 Be4 33. Nxe4 dxe4
34. f5 e3 35. Qb7 Qg1+ 36. Kxg1 exf2+ 37. Kxf2 Rd2+ 38. Kf3 Rd3+ 39. Kf2 Rd2+
40. Kf1 Rd1+ 41. Kg2 Rd2+ 42. Kg3 Rd3+ 43. Kh4 g5+ 44. Kh5 Rxh3+ 45. Kg6 1-0

[Event "Niedersachsen-Hamburg"]
[Site "?"]
[Date "2005.01.01"]
[Round "4.3"]
[White "Smolkina, Milana"]
[Black "Hoolt, Sarah"]
[Result "0-1"]
[WhiteElo "1709"]
[BlackElo "2050"]
[PlyCount "60"]
[EventDate "2000.??.??"]

1. e4 c5 2. Nf3 Nc6 3. d4 cxd4 4. Nxd4 g6 5. Nc3 Bg7 6. Be3 Nf6 7. f3 O-O 8.
Qd2 d5 9. Nxc6 bxc6 10. O-O-O Bb7 11. Bh6 e5 12. Bd3 Qa5 13. Kb1 Qb6 14. Na4
Qc7 15. Nc5 Rab8 16. h4 Qd6 17. Nb3 Rfc8 18. Bxg7 Kxg7 19. c4 Rd8 20. c5 Qe7
21. Qe3 Bc8 22. Bc2 d4 23. Qf2 Be6 24. Rc1 a5 25. Na1 Qxc5 26. Ba4 Qb4 27. Bb3
c5 28. Bxe6 fxe6 29. Qc2 c4 30. a3 Qxa3 0-1